000 00228nmm a2200085Ia 4500
008 220120s9999||||xx |||||||||||||||||und||
100 _aPCQ
245 0 _a50 finance and business management tools for personal nd bus
260 _c2015
999 _c139965
_d139965